01441cam a2200349 a 4500001001400000003000800014005001700022006001900039007001500058008004100073020003800114040003000152050002200182082001800204100002400222245007700246260002700323300003700350490002400387504005100411520023600462521001700698588004700715650003900762650002800801651005200829655002900881710001600910776003500926830002500961856010500986EDZ0000064107StDuBDS20161031105144.0m||||||||d||||||||cr |||||||||||120327s2001 enk fo| 001|0|eng d a9781446217788 (ebook) :cNo price aStDuBDSbengcStDuBDSepn 0aJS3000b.J64 200104a352.140942231 aJohn, Peter,d1960-10aLocal governance in Western Europeh[electronic resource] /cPeter John. aLondon :bSAGE,c2001. a1 online resource (xii, 202 p.).1 aSAGE politics texts aIncludes bibliographical references and index.8 aThis work provides a comprehensive introduction to local government and urban politics in contemporary Western Europe. The author shows how local government institutions have been subject to change as a response to Europeanisation. aSpecialized. aDescription based on print version record. 0aLocal governmentzEurope, Western. 0aComparative government. 0aEurope, WesternxPolitics and governmenty1989- 7aElectronic books.2local2 aSage eBooks08iPrint version :z9780761956372 0aSAGE politics texts.40uhttp://ezproxy.alfaisal.edu/login?url=http://sk.sagepub.com/books/local-governance-in-western-europe